Don't call me beanhead!. / (Record no. 114416)
[ view plain ]
| 000 -LEADER | |
|---|---|
| fixed length control field | 00828nam a2200145 a 4500 |
| 005 - DATE AND TIME OF LATEST TRANSACTION | |
| control field | 20140414132059.0 |
| 008 - FIXED-LENGTH DATA ELEMENTS--GENERAL INFORMATION | |
| fixed length control field | 100624s19uu xx 00 eng d |
| 020 ## - INTERNATIONAL STANDARD BOOK NUMBER | |
| International Standard Book Number | 0-590-13924 |
| 050 ## - LIBRARY OF CONGRESS CALL NUMBER | |
| Classification number | FIC |
| Item number | W83 1994 |
| 100 ## - MAIN ENTRY--PERSONAL NAME | |
| Personal name | Wojciechowski, Susan |
| 245 ## - TITLE STATEMENT | |
| Title | Don't call me beanhead!. / |
| Statement of responsibility, etc | Susan Wojciechowski; illustrated by Susanna Natti. |
| 260 ## - PUBLICATION, DISTRIBUTION, ETC. (IMPRINT) | |
| Place of publication, distribution, etc | Cambridge, MA. |
| 520 ## - SUMMARY, ETC. | |
| Summary, etc | Meet Bernice Lorraine Sherwin-Hendricks, a world-class worrywart who has a lot to worry about. Will the tooth fairy come even though her tooth went down the drain? Will Beany's favorite sweater be given to her cousin? How will Beany find the money to buy those Glamour Nails she really needs? And what will happen to that ant that just crawled into the classroom pencil sharpener? Find out in these funny stories all about Beany. |
| Withdrawn status | Lost status | Damaged status | Home library | Current library | Shelving location | Date acquired | Source of acquisition | Total Checkouts | Full call number | Barcode | Date last seen | Price effective from | Koha item type |
|---|---|---|---|---|---|---|---|---|---|---|---|---|---|
| Munich Library | Munich Library | Fiction Section | 06/24/2010 | FIC W83 1994 | M6234 | 04/14/2014 | 04/14/2014 | Books |